Protecting consumers from fraudulent practices in the moving industry : hearing before the Subcommittee on Surface Transportation and Merchant Marine of the Committee on Commerce, Science, and Transportation, United States Senate, One Hundred Ninth Congress, second session, May 4, 2006.

Bibliographic Details
Corporate Author: United States. Congress. Senate. Committee on Commerce, Science, and Transportation. Subcommittee on Surface Transportation and Merchant Marine
Format: Government Document Book
Language:English
Published: Washington : U.S. G.P.O. : 2006.
Series:S. hrg. ; 109-529
Subjects:
Online Access:PDF version:

MARC

Tag First Indicator Second Indicator Subfields
LEADER 00000cam a2200000 a 4500
001 in00002191908
005 20220106091123.0
008 061002s2006 dcua b f000 0 eng c
020 |a 0160770262 
035 |a (OCoLC)ocm71267844 
037 |a 552-070-34664-3  |b GPO 
040 |a SEN  |c SEN  |d SEN  |d GPO  |d MvI  |d UtOrBLW 
042 |a pcc 
043 |a n-us--- 
049 |a UDOC 
049 |a WWW 
050 1 4 |a KF26  |b .C699 2006 
074 |a 1041-A 
074 |a 1041-A (online) 
074 |a 1041-B (MF) 
074 |a 1041-B (online) 
086 0 |a Y 4.C 73/7:S.HRG.109-529 
110 1 |a United States.  |b Congress.  |b Senate.  |b Committee on Commerce, Science, and Transportation.  |b Subcommittee on Surface Transportation and Merchant Marine. 
245 1 0 |a Protecting consumers from fraudulent practices in the moving industry :  |b hearing before the Subcommittee on Surface Transportation and Merchant Marine of the Committee on Commerce, Science, and Transportation, United States Senate, One Hundred Ninth Congress, second session, May 4, 2006. 
264 1 |a Washington :  |b U.S. G.P.O. :  |c 2006. 
264 2 |a Washington :  |b For sale by the Supt. of Docs., U.S. G.P.O., 
300 |a iii, 74 pages :  |b illustrations ;  |c 24 cm. 
336 |a text  |b txt  |2 rdacontent 
337 |a unmediated  |b n  |2 rdamedia 
338 |a volume  |b nc  |2 rdacarrier 
490 1 |a S. hrg. ;  |v 109-529 
500 |a Distributed to some depository libraries in microfiche. 
500 |a Shipping List Date: 09/21/2006 
504 |a Includes bibliographical references. 
501 |a Shipping list no.: 2006-0328-P. 
530 |a Also available via Internet from the GPO Access web site. Address as of 1/25/07: http://frwebgate.access.gpo.gov/cgi-bin/getdoc.cgi?dbname=109_senate_hearings&docid=f:28212.wais (text version), http://frwebgate.access.gpo.gov/cgi-bin/getdoc.cgi?dbname=109%5Fsenate%5Fhearings&docid=f:28212.pdf (PDF version); current access is available via PURL. 
650 0 |a Storage and moving trade  |x Corrupt practices  |z United States. 
650 0 |a Storage and moving trade  |x Law and legislation  |z United States. 
650 0 |a Consumer protection  |z United States. 
810 1 |a United States.  |b Congress.  |b Senate.  |t S. hrg. ;  |v 109-529. 
856 4 1 |3 PDF version:  |u https://purl.fdlp.gov/GPO/LPS73887  |t 0 
999 |a MARS 
999 f f |s d9b0c46a-344b-3fc5-9615-a833399c648b  |i 23759ad8-c2c5-3d71-a3cc-21f890167ee3  |t 0 
952 f f |a Texas A&M University  |b College Station  |c Electronic Resources  |d Available Online  |t 0  |e Y 4.C 73/7:S.HRG.109-529  |h Superintendent of Documents classification 
998 f f |a Y 4.C 73/7:S.HRG.109-529  |t 0  |l Available Online